000 00658nam a2200181 i 4500
001 152000
003 ES-MaACL
005 20230906204504.0
008 051010s1886 ag | |||||||| ||spa d
040 _aCAM
_bspa
_cCAM
100 1 _aBerra, F. A.
_928368
245 1 3 _aLa salúd i [sic] la escuela /
_cF.A. Berra.
250 _a3ª ed.
260 _aBuenos Aires; La Plata :
_b[s.n.],
_c1886 (
_fImprenta, litografía y encuadernación de Jacobo Peuser)
300 _a226 p. ;
_c21 cm.
650 4 _aHigiene escolar.
_9147625
852 _aES-MaACL
_jT-587-F-1
_z-- Enc. gol., conservnado la enc. original
_z-- Enc. en un vol. facticio
999 _c152000
_d152000